|
|
|
|
| LEADER |
00000nab a2200000 a 4500 |
| 001 |
vtls000678121 |
| 003 |
SK-MaSNL |
| 005 |
20260304100639.0 |
| 008 |
250425c1998 xo 0 slo |
| 015 |
|
|
|a SNBRB1998/12-33675
|
| 035 |
|
|
|a CLN000030290
|
| 035 |
|
|
|a urn:nbn:sk:snk-ab776m
|
| 035 |
|
|
|a (uuid)c794544e-8ebe-46c3-a77d-3bc81b65b1ba
|
| 035 |
|
|
|a (urnnbn)urn:nbn:sk:snk:ar-a072sx
|
| 035 |
|
|
|a (sysno)vtls000678121
|
| 040 |
|
|
|a SNKBUCL
|b slo
|c SNKBUCL
|e AACR2
|
| 041 |
0 |
|
|a slo
|
| 044 |
|
|
|a xo
|c SK
|
| 080 |
|
|
|a 331.53
|2 1997
|
| 245 |
0 |
0 |
|a Sprostredkovanie zamestnania za úhradu
|
| 650 |
0 |
7 |
|a sprostredkovanie práce
|2 snkbucl
|9 15494
|
| 655 |
|
7 |
|a články z novín a časopisov
|2 snkbucl
|9 267496
|
| 773 |
0 |
|
|t Mzdy a financie
|g Roč. 5, č. 25-26 (1998), s. 330-336
|
| 850 |
|
|
|a Slovenská národná knižnica
|
| 852 |
|
|
|a Slovenská národná knižnica
|
| 958 |
|
|
|a article27
|
| 958 |
|
|
|a OND
|
| 958 |
|
|
|a SK
|
| 999 |
|
|
|c 2839085
|d 2841015
|